MCSE : the core exams in a nutshell : a desktop quick reference

This detailed reference is aimed at sophisticated users who need a bridge between real-world experience and the MCSE exam requirements. Each chapter covers one exam and includes a summary of what it covers, a description of the exam format and difficulty with tips for passing it, definitions of key...

Täydet tiedot

Tallennettuna:
Bibliografiset tiedot
Päätekijä: Moncur, Michael G
Aineistotyyppi: Kirja
Kieli:Undetermined
Julkaistu: Cambridge, MA O’Reilly 1998
Aiheet:
Tagit: Lisää tagi
Ei tageja, Lisää ensimmäinen tagi!
Thư viện lưu trữ: Trung tâm Học liệu Trường Đại học Cần Thơ
LEADER 01111nam a2200229Ia 4500
001 CTU_158784
008 210402s9999 xx 000 0 und d
020 |c 1.00 
082 |a 005.4 
082 |b M739c 
100 |a Moncur, Michael G 
245 0 |a MCSE : 
245 4 |b the core exams in a nutshell : a desktop quick reference 
245 0 |c Michael Moncur 
260 |a Cambridge, MA 
260 |b O’Reilly 
260 |c 1998 
520 |a This detailed reference is aimed at sophisticated users who need a bridge between real-world experience and the MCSE exam requirements. Each chapter covers one exam and includes a summary of what it covers, a description of the exam format and difficulty with tips for passing it, definitions of key terms, and sample test questions and answers. 
650 |a Microsoft software,Phần mềm Microsoft,Electronic data processing personnel,Nhân sự xử lý dữ liệu điện tử 
650 |x Examinations,Kỳ thi,Certification,Giấy chứng nhận 
904 |i Năm 
980 |a Trung tâm Học liệu Trường Đại học Cần Thơ